000 00466nam a22001691i 4500
001 15575
090 _a15575
100 _a20170304u u u0frey50 ba
101 0 _apor
200 1 _aLebrinha e lebrete
215 _a13 p.
_cil.
_d21 cm
300 _aOferta da família Alexandre
210 _cMaltese
225 2 _aSerelepe
410 0 _tSerelepe
996 _f0019316
_kSER
_m00000000
_n00000000
_aBMVA
_b1
_vViana do Alentejo
_xLiteratura Infantil
_y35
_eLivro
_10
_31
990 _cLIVROS